000 01632nam a2200445 i 4500
001 147405
003 FlNmELB
005 20241217182230.0
006 m o d |
007 cr cnu||||||||
008 171107s2017 sp o 001 0 spa d
020 _a9781512945034 (e-book)
035 _a(MiAaPQ)EBC5045321
035 _a(Au-PeEL)EBL5045321
035 _a(CaPaEBR)ebr11440123
035 _a(OCoLC)1105912723
040 _aFINmELB
_bspa
_erda
_cFINmELB
050 4 _aT55
_bG569 2017
080 _a331.4
082 0 _a658.382
_223
100 1 _aGómez, Blas.
245 1 0 _aManual de prevención de riesgos laborales /
_cBlas Gómez.
264 1 _aBarcelona :
_bMarge Books,
_c2017.
300 _a1 recurso en línea (144 páginas)
336 _atexto
_btxt
_2rdacontent/spa
337 _acomputadora
_bc
_2rdamedia/spa
338 _arecurso en línea
_bcr
_2rdacarrier/spa
490 1 _aGestiona
500 _aIncluye índice.
588 _aDescripción basada en recurso en línea; Título de la página del título en PDF (e-libro, visto November 7, 2017).
590 _aRecurso electrónico. Santa Fe, Arg. : e-libro, 2017. Disponible vía World Wide Web. El acceso puede ser limitado para las bibliotecas afiliadas a e-Libro.
650 0 _aIndustrial safety
_vHandbooks, manuals, etc.
650 4 _aSeguridad industrial
_vLibros de texto, manuales, etc.
650 0 _aAccidents
_xPrevention.
650 4 _aAccidentes
_xPrevención.
655 4 _aLibros electrónicos.
797 2 _ae-libro, Corp.
830 0 _aGestiona.
856 4 0 _uhttps://elibro.net/ereader/politecnicointernacional/43764
999 _c147405
_d147405